1608 1526 1760 1584 1942 1766 1292 1494 1951 1145 1823 1008 1243 1079 1660 1248 1043 1075 1855 1202 1080 1353 1610 1284 1370 1617 1750 1809 1635 1730 1478 1563 1753 1325 1297 1403 1495 1750 1604 1666 1462 1167 1909 1206 1865 1838 1914 1864 1038 1274 1716 1713 1433 1316 1496 1010 1266 1170 1154 1718 1312 1361 1957 1894 1412 1331 1845 1339 1506 1315 1638 1960 1505 1078 1507 1679 1352 1045 1263 1304 1106 1804 1680 1230 1798 1187 1872 1340 1277 1035 1214 1604 1754 1875 1589 1693 1815 1647 1640 BCNSPRNW ULIB Ver.6.0+V

เปลี่ยนเป็นภาษาไทย

Change to English
 แสดงรายละเอียดบรรณานุกรม
  กลับหน้าหลัก

Brief Record : Get Marc (ISO 2709) : E-mail record : QR code < ปิดหน้าต่าง
LEADER : 00000nam 2200000uu 4500
001    13399110240
003     ULIB
008    110426s2552||||th 000 0 tha d
020    9789740324690
060 04 WM100^bท365จ 2552
100 0  ทัศนีย์ ทองประทีป
245 10 จิตวิญญาณ :^bมิติหนึ่งของการพยาบาล /^cทัศนีย์ ทองประทีป
250    พิมพ์ครั้งที่ 1
260    กรุงเทพฯ :^bสำนักพิมพ์แห่งจุฬาลงกรณ์มหาวิทยาลัย,^c2552
300    245 หน้า ;^c21 ซม
505 2  ศิลปะการดูแลด้ายจิตวิญญาณ -- บทบาทพยาบาท: การทบทวนเรื่องราวชีวิต --การส่งเสริมสุขภาวะด้านจิตวิญญาณ -- การพยาบาลด้านจิตวิญญาณกับกระบวนการพยาบาล -- จิตวิญญาณ: การค้นหาความหมายของชีวิตและการเจ็บป่วย ; มิติหนึ่งของการพยาบาล -- การพยาบาลมิติจิตวิญญาณในผู้ป่วยแต่ละวัย -- การดูแลผู้ป่วยระยะสุดท้ายในมิติวิญญาณ -- การวิจัยเกี่ยวกับจิตวิญญาณและการดูแลด้านจิตวิญญาณ -- Nurse s role: spiritual care at the end-of-life -- Essential elements ofspirituality among rural Thai elders
650  7 การพยาบาลด้านจิตวิญญาณ
650  7 การแพทย์แบบพหุลักษณ์
650  7 บริการทางการแพทย์^xแง่ศาสนา
945    ^p130^l0^i026272
945    ^p130^l0^i026271
945    ^p130^l0^i026270
945    ^p130^l0^i026269
995    ทศพร
999 ^a ใช้งานได้ทุกระบบ
รายการนี้ยังไม่มีแท็ก
คุณยังไม่ได้ล็อกอิน คุณสามารถมีกิจกรรมร่วมกับเว็บไซต์ได้ แต่ต้องล็อกอินก่อน ::
  ล็อกอิน

รายการสื่อสารสนเทศ

ลำดับที่ ประเภท เลขเรียก/บาร์โค้ด สถานที่ สถานะ
- ไม่พบข้อมูล -

รายการใกล้เคียง
    ผู้แต่ง [ทัศนีย์ ทองประทีป]

    หัวเรื่อง [การพยาบาลด้านจิตวิญญาณ]
    หัวเรื่อง [การแพทย์แบบพหุลักษณ์]

BibComment


ยังไม่เคยถูกคอมเมนท์

คอมเมนท์ทรัพยากรรายการนี้
  คอมเมนท์: จิตวิญญาณ มิติหน..


 Copyright 2026. Bcnsprnw @Library